[Event "AUTO-INT-2960"]
[Site "http://www.queenalice.com/game.php?id=1342522"]
[Date "2015.2.19"]
[Round "1"]
[White "zecafernandes"]
[Black "Fariajj"]
[Result "1-0"]
[WhiteElo "1398"]
[BlackElo "1418"]

1. e4 c5 2. Na3 Nc6 3. c3 a6 4. Bc4 d6 5. Qf3 Nf6 6. h3 Ne5 7. Qe3 e6 8. Nf3
Nfd7 9. d4 cxd4 10. Qxd4 Nxf3+ 11. gxf3 Ne5 12. Be2 Be7 13. Nc4 Nxc4 14. Bxc4
Bf6 15. Qd3 b5 16. Bb3 1-0

[Event "AUTO-OPEN-3439"]
[Site "http://www.queenalice.com/game.php?id=1342839"]
[Date "2015.2.20"]
[Round "1"]
[White "roqqk"]
[Black "Fariajj"]
[Result "0-1"]
[WhiteElo "1705"]
[BlackElo "1641"]

1. e4 c5 2. d4 cxd4 3. Qxd4 Nc6 4. Qc3 d6 5. Bc4 e6 6. Bb5 Bd7 7. Be3 Nf6 8. Nd2
Ne5 9. Qb3 Be7 10. O-O-O a6 11. Bxd7+ Qxd7 12. f4 Nc6 13. Nc4 Rb8 14. e5 Nd5 15.
Nf3 b5 16. Nxd6+ Bxd6 17. exd6 Qxd6 18. Nd4 Na5 19. Qd3 Nc4 20. Bd2 Nb4 21. Bxb4
Qxb4 22. b3 Qa3+ 23. Kb1 Qb2# 0-1

[Event "AUTO-OPEN-3439"]
[Site "http://www.queenalice.com/game.php?id=1342840"]
[Date "2015.2.20"]
[Round "1"]
[White "Fariajj"]
[Black "roqqk"]
[Result "0-1"]
[WhiteElo "1454"]
[BlackElo "1720"]

1. d4 d5 2. c4 Bd7 3. Nc3 dxc4 4. e3 Be6 5. e4 h6 6. d5 Bc8 7. Bxc4 a6 8. a4 Nf6
9. Nf3 Nbd7 10. O-O Nc5 11. Re1 Bg4 12. b4 Ncd7 13. h3 Bxf3 14. gxf3 Ne5 15. Be2
e6 16. Qd4 Bd6 17. b5 Qd7 18. Bf4 Nh5 19. Bxe5 c5 20. bxc6 bxc6 21. dxc6 Qxc6
22. Qxd6 Qxd6 23. Bxd6 Rd8 24. Ba3 Nf4 25. Bxa6 Nxh3+ 26. Kg2 Ng5 27. Bb5+ Rd7
28. Red1 Kd8 29. Rxd7+ Kc8 30. Rad1 e5 31. Ba6+ Kb8 32. Rb7+ Ka8 0-1

[Event "AUTO-OPEN-3439"]
[Site "http://www.queenalice.com/game.php?id=1342863"]
[Date "2015.2.20"]
[Round "1"]
[White "Paked"]
[Black "Fariajj"]
[Result "1-0"]
[WhiteElo "1922"]
[BlackElo "1712"]

1. e4 c5 2. Nf3 Nc6 3. Bb5 Nd4 4. Nxd4 cxd4 5. Bc4 a6 6. e5 e6 7. c3 d5 8. exd6
Bxd6 9. O-O b5 10. Bb3 Bb7 11. d3 Qh4 12. g3 Qh3 13. f3 Nf6 14. Qe2 O-O 15. Bg5
Nh5 16. Qf2 Nxg3 17. hxg3 Bxf3 18. Qxf3 Bxg3 19. Qg2 Qg4 20. Bf4 Bh2+ 21. Kxh2
Qh5+ 22. Kg1 dxc3 23. Nxc3 Qc5+ 24. Qf2 Qh5 25. Bd6 Qg6+ 26. Qg2 Rfd8 27. Qxg6
hxg6 28. Ne4 Rac8 29. Rac1 Rxc1 30. Rxc1 1-0

[Event "AUTO-OPEN-3439"]
[Site "http://www.queenalice.com/game.php?id=1342864"]
[Date "2015.2.20"]
[Round "1"]
[White "Fariajj"]
[Black "Paked"]
[Result "0-1"]
[WhiteElo "1609"]
[BlackElo "1916"]

1. d4 d5 2. c4 e6 3. Nc3 Bb4 4. e3 Bxc3+ 5. bxc3 Nf6 6. Ba3 c6 7. Qc2 Ne4 8. Bd3
f5 9. Nf3 Nd6 10. Bxd6 Qxd6 11. c5 Qe7 12. Qe2 b6 13. Ne5 O-O 14. O-O bxc5 15.
Qh5 Rf6 16. Qe2 Bb7 17. Rab1 Qc7 18. c4 Nd7 19. Nxd7 Qxd7 20. Rb3 Raf8 21. Rfb1
Ba6 22. dxc5 e5 23. cxd5 Bxd3 24. Rxd3 e4 25. dxc6 Qxd3 26. Qb2 Rxc6 27. Qb7
Rxc5 28. h3 Rfc8 29. Kh2 Rc2 30. Qxa7 Rxf2 31. Rb7 Rxg2+ 32. Kxg2 Qe2+ 33. Kg3
Qf3+ 34. Kh4 Qf2+ 35. Kg5 Qg3+ 36. Kxf5 Qf3+ 37. Ke5 Re8+ 0-1

[Event "AUTO-OPEN-3439"]
[Site "http://www.queenalice.com/game.php?id=1342877"]
[Date "2015.2.20"]
[Round "1"]
[White "Lord_Black"]
[Black "Fariajj"]
[Result "0-1"]
[WhiteElo "1515"]
[BlackElo "1421"]

1. d4 d5 2. c4 e6 3. Nf3 Nf6 4. Bg5 Be7 5. e3 Nbd7 6. Nc3 c6 7. Bd3 O-O 8. O-O
Re8 9. Rc1 Nf8 10. a3 Ng6 11. Re1 Bf8 12. b4 h6 13. Bxg6 fxg6 14. Bxf6 Qxf6 15.
c5 Bd7 0-1

[Event "AUTO-OPEN-3439"]
[Site "http://www.queenalice.com/game.php?id=1342878"]
[Date "2015.2.20"]
[Round "1"]
[White "Fariajj"]
[Black "Lord_Black"]
[Result "1-0"]
[WhiteElo "1351"]
[BlackElo "1585"]

1. d4 d5 2. c4 e6 3. Nc3 c6 4. Nf3 Nf6 5. Bg5 Be7 6. e3 Nbd7 7. Bd3 O-O 8. O-O
Re8 9. a3 Nf8 10. c5 Ng6 11. b4 Bf8 12. Ne5 h6 13. Nxg6 fxg6 14. Bxg6 Re7 15.
Bxf6 e5 16. Bxe5 1-0

[Event "AUTO-INT-2961"]
[Site "http://www.queenalice.com/game.php?id=1342912"]
[Date "2015.2.20"]
[Round "1"]
[White "mitchelli3131"]
[Black "Fariajj"]
[Result "1-0"]
[WhiteElo "1479"]
[BlackElo "1353"]

1. e4 c5 2. c4 Nc6 3. Nf3 d6 4. d3 Bg4 5. Nc3 e6 6. Be2 g6 7. Ng5 Bxe2 8. Qxe2
Bg7 9. Qf3 Nf6 10. Nb5 a6 11. Nc3 Nd4 12. Qg3 Nh5 13. Qg4 Nc2+ 14. Kd2 Nxa1 15.
Qf3 Qxg5+ 16. Kd1 Qe7 17. Re1 O-O 18. Na4 1-0

[Event "AUTO-INT-2961"]
[Site "http://www.queenalice.com/game.php?id=1342913"]
[Date "2015.2.20"]
[Round "1"]
[White "Fariajj"]
[Black "mitchelli3131"]
[Result "0-1"]
[WhiteElo "1365"]
[BlackElo "1467"]

1. d4 d5 2. c4 dxc4 3. Nc3 e6 4. Nf3 Bb4 5. e3 Bxc3+ 6. bxc3 Nf6 7. Ba3 Ng4 8.
Bxc4 Nc6 9. O-O a5 10. h3 Nf6 11. Bd3 Nd5 12. Qc2 f6 13. Bg6+ hxg6 14. Rab1 e5
15. Nd2 g5 16. Qg6+ Kd7 17. Qxg7+ Ke6 18. dxe5 Qg8 19. exf6 Nxf6 0-1

[Event "AUTO-INT-2961"]
[Site "http://www.queenalice.com/game.php?id=1342926"]
[Date "2015.2.20"]
[Round "1"]
[White "Fariajj"]
[Black "Ruusgugg"]
[Result "0-1"]
[WhiteElo "1364"]
[BlackElo "1445"]

1. d4 d5 2. c4 dxc4 3. Nc3 a6 4. a3 b5 5. e4 Nc6 6. d5 Ne5 7. Bf4 Nd3+ 8. Bxd3
cxd3 9. Qxd3 Nh6 10. h3 f5 11. Nf3 Bb7 12. O-O fxe4 13. Qxe4 g6 14. Ng5 a5 15.
Ne6 Qd7 16. Rad1 b4 17. Nxc7+ Kd8 18. N3b5 Rc8 19. Ne6+ Ke8 0-1

[Event "AUTO-INT-2961"]
[Site "http://www.queenalice.com/game.php?id=1342927"]
[Date "2015.2.20"]
[Round "1"]
[White "Ruusgugg"]
[Black "Fariajj"]
[Result "0-1"]
[WhiteElo "1504"]
[BlackElo "1342"]

1. e4 c5 2. Qh5 e6 3. Bc4 Nf6 4. Qe5 Nc6 5. Qf4 d6 6. g4 a6 7. g5 Nh5 8. Qe3 Nd4
9. Na3 b5 10. Bd3 e5 11. f3 Nf4 12. Bf1 b4 13. Nc4 Nxc2+ 14. Kf2 Nxe3 15. dxe3
Ng6 16. f4 d5 17. Nxe5 Nxe5 18. fxe5 Qxg5 19. exd5 Qxe5 20. Bg2 Bd6 0-1

[Event "AUTO-INT-2961"]
[Site "http://www.queenalice.com/game.php?id=1342928"]
[Date "2015.2.20"]
[Round "1"]
[White "Fariajj"]
[Black "TheOperator"]
[Result "1-0"]
[WhiteElo "1708"]
[BlackElo "1564"]

1. d4 d5 2. c4 e6 3. Nf3 Nc6 4. Nc3 f6 5. e3 Bd7 6. a3 b6 7. cxd5 exd5 8. Nxd5
Be6 9. Nf4 Bd7 10. Nd2 a6 11. Bc4 Be7 12. b4 b5 13. Qh5+ g6 14. Nxg6 Bf5 15.
Nxh8+ 1-0

[Event "AUTO-INT-2961"]
[Site "http://www.queenalice.com/game.php?id=1342929"]
[Date "2015.2.20"]
[Round "1"]
[White "TheOperator"]
[Black "Fariajj"]
[Result "1-0"]
[WhiteElo "1529"]
[BlackElo "1603"]

1. e4 c5 2. d3 Nc6 3. Nf3 d6 4. Nc3 Bg4 5. Be2 e6 6. h3 Bxf3 7. Bxf3 Qc7 8. O-O
Be7 9. Be3 Nf6 10. a3 Nd7 11. d4 cxd4 12. Bxd4 Nxd4 13. Qxd4 Bf6 14. Qd3 a6 15.
Bg4 Ne5 16. Qe2 1-0

[Event "AUTO-INT-2964"]
[Site "http://www.queenalice.com/game.php?id=1344093"]
[Date "2015.2.26"]
[Round "1"]
[White "PioDeCuritiba"]
[Black "Fariajj"]
[Result "1-0"]
[WhiteElo "1458"]
[BlackElo "1470"]

1. c4 e6 2. d4 d5 3. c5 c6 4. Bf4 Nf6 5. Qa4 Be7 6. Bxb8 Rxb8 7. Qxa7 Bd7 8. Nf3
Ne4 9. e3 O-O 10. Bd3 Qc7 11. Ne5 Ra8 12. Qb6 1-0

[Event "AUTO-INT-2964"]
[Site "http://www.queenalice.com/game.php?id=1344094"]
[Date "2015.2.26"]
[Round "1"]
[White "Fariajj"]
[Black "PioDeCuritiba"]
[Result "0-1"]
[WhiteElo "1488"]
[BlackElo "1440"]

1. d4 c5 2. e3 e6 3. c4 Nc6 4. d5 exd5 5. cxd5 Nb4 6. a3 Na6 7. Nc3 Nf6 8. Bd3
Qc7 9. Nge2 Ng4 10. Ng3 Qe5 11. Qxg4 d6 12. Bf5 Bxf5 0-1

[Event "AUTO-INT-2964"]
[Site "http://www.queenalice.com/game.php?id=1344107"]
[Date "2015.2.26"]
[Round "1"]
[White "Cajucarol"]
[Black "Fariajj"]
[Result "1-0"]
[WhiteElo "1484"]
[BlackElo "1718"]

1. d4 d5 2. g3 Nf6 3. Bg2 c6 4. e3 Bf5 5. Nf3 Be4 6. Nbd2 Nbd7 7. O-O g6 8. Nxe4
Nxe4 9. b3 Bg7 10. Bb2 O-O 11. Nd2 Ndf6 12. f3 Ng5 13. f4 Nge4 14. Nxe4 Nxe4 15.
c4 Rc8 16. Bxe4 dxe4 17. a4 Qd7 18. Rb1 b6 19. b4 Rfd8 20. Qc2 f5 21. Rfd1 1-0

[Event "AUTO-INT-2964"]
[Site "http://www.queenalice.com/game.php?id=1344108"]
[Date "2015.2.26"]
[Round "1"]
[White "Fariajj"]
[Black "Cajucarol"]
[Result "0-1"]
[WhiteElo "1693"]
[BlackElo "1509"]

1. d4 d5 2. c4 b6 3. Nf3 e6 4. Bg5 Be7 5. Bxe7 Qxe7 6. Nc3 Bb7 7. cxd5 exd5 8.
e3 Nf6 9. Ne5 O-O 10. Rc1 Nbd7 11. Nf3 Ne4 12. Bd3 Nxc3 13. Rxc3 c6 14. O-O c5
15. Re1 g6 16. Bb5 Nf6 17. Nd2 Ne4 18. Nxe4 dxe4 19. dxc5 bxc5 20. a3 a6 21. Ba4
Rab8 0-1

[Event "AUTO-OPEN-3443"]
[Site "http://www.queenalice.com/game.php?id=1344154"]
[Date "2015.2.26"]
[Round "1"]
[White "Fariajj"]
[Black "Artking"]
[Result "0-1"]
[WhiteElo "1704"]
[BlackElo "2056"]

1. d4 Nf6 2. c4 g6 3. Nc3 Bg7 4. Nf3 d6 5. e3 O-O 6. Bd3 Nbd7 7. O-O c6 8. Re1
e5 9. d5 c5 10. a3 a6 11. Ne4 Nxe4 12. Bxe4 f5 13. Bc2 e4 14. Nd2 Ne5 15. Qe2
Bd7 16. f4 Ng4 17. h3 Nxe3 18. Qxe3 Bd4 19. Kh1 Bxe3 20. Rxe3 Qf6 21. Nf1 Rae8
22. Bd2 Qxb2 0-1

[Event "AUTO-OPEN-3443"]
[Site "http://www.queenalice.com/game.php?id=1344155"]
[Date "2015.2.26"]
[Round "1"]
[White "Artking"]
[Black "Fariajj"]
[Result "1-0"]
[WhiteElo "2046"]
[BlackElo "1605"]

1. Nf3 c5 2. e4 Nc6 3. d4 cxd4 4. Nxd4 Nf6 5. Nc3 e6 6. Bc4 d6 7. Bg5 Be7 8. f4
a6 9. Nxc6 bxc6 10. Qf3 d5 11. exd5 Nxd5 12. O-O Bxg5 13. fxg5 O-O 14. Ne4 Rb8
15. Bxd5 exd5 16. Nd2 Be6 17. h4 Qb6+ 18. Kh1 Qxb2 19. Nb3 Qa3 20. Rae1 Qb4 21.
g3 a5 22. c3 Qb6 23. Nd4 c5 24. Nxe6 fxe6 25. Qe2 1-0